000 00270nam a22001217a 4500
008 170620b xxu||||| |||| 00| 0 eng d
041 _aeng
080 _a324
100 _a20
101 _aSHP
245 _aCONCEPTS OF INTERNATIONAL POLITICS
_cLERCHE
942 _2udc
_cBK
999 _c18353
_d18353